Local energy efficiency policy implementation in China: Bridging the gap between national priorities and local interests (Record no. 1318646)

MARC details
000 -LEADER
fixed length control field 00657nam a2200205Ia 4500
005 - DATE AND TIME OF LATEST TRANSACTION
control field 20250507130249.0
008 - FIXED-LENGTH DATA ELEMENTS--GENERAL INFORMATION
fixed length control field 008 250505s9999 xx 000 0 eng d
037 ## - SOURCE OF ACQUISITION
Stock number Series Article
040 ## - CATALOGING SOURCE
Original cataloging agency EASL
Language of cataloging eng
Transcribing agency EASL
041 ## - LANGUAGE CODE
Language code of text/sound track or separate title eng
Source of code eng
084 ## - COLON CLASSIFICATION NUMBER
Assigning agency EASL
100 ## - MAIN ENTRY--PERSONAL NAME
Personal name Kostka Genia
9 (RLIN) 668702
245 #0 - TITLE STATEMENT
Title Local energy efficiency policy implementation in China: Bridging the gap between national priorities and local interests
260 ## - PUBLICATION, DISTRIBUTION, ETC.
Place of publication, distribution, etc. UK
Name of publisher, distributor, etc. London Cambridge Univesity Press UK
Date of publication, distribution, etc. 2012
300 ## - PHYSICAL DESCRIPTION
Extent 765-785p.
650 ## - SUBJECT ADDED ENTRY--TOPICAL TERM
Topical term or geographic name entry element Chinese History; Energy
9 (RLIN) 755052
700 ## - ADDED ENTRY--PERSONAL NAME
Personal name Hobbs William
942 ## - ADDED ENTRY ELEMENTS (KOHA)
Koha item type

No items available.

Copyright @ Delhi University Library System